Catálogo público

Desarrollo de capacidades tecnológicas mediante la gestión de redes locales de innovación / (Record no. 169832)

MARC details
000 -CABECERA
campo de control de longitud fija 01295nam a2200349Ia 4500
001 - NÚMERO DE CONTROL
campo de control Z_6561
003 - IDENTIFICADOR DEL NÚMERO DE CONTROL
campo de control CHAP
005 - FECHA Y HORA DE LA ÚLTIMA TRANSACCIÓN
campo de control 20231109170050.0
008 - DATOS DE LONGITUD FIJA--INFORMACIÓN GENERAL
campo de control de longitud fija 220113s2011 xx 000 0 und d
010 ## - NÚMERO DE CONTROL DE LA BIBLIOTECA DEL CONGRESO
Número de control de LC 169832
040 ## - FUENTE DE LA CATALOGACIÓN
Centro/agencia transcriptor CHAP
090 ## - LOCALMENTE ASIGNADO TIPO-LC NÚMERO DE CLASIFICACIÓN (OCLC); NÚMERO DE CLASIFICACIÓN LOCAL (RLIN)
Número de clasificación (OCLC) (R) ; Numero de clasificación, CALL (RLIN) (NR) Tesis P663 2302
100 ## - ENTRADA PRINCIPAL--NOMBRE DE PERSONA
Nombre de persona Ponce Méndez, Facundo
9 (RLIN) 90801
245 ## - MENCIÓN DE TÍTULO
Título Desarrollo de capacidades tecnológicas mediante la gestión de redes locales de innovación /
Mención de responsabilidad, etc. Facundo Ponce Méndez
260 ## - PUBLICACIÓN, DISTRIBUCIÓN, ETC.
Lugar de publicación, distribución, etc. México :
Nombre del editor, distribuidor, etc. El autor,
Fecha de publicación, distribución, etc. 2011
300 ## - DESCRIPCIÓN FÍSICA
Extensión CD
502 ## - NOTA DE TESIS
Nota de tesis Tesis (Ingeniero Agrónomo Especialista en Zootecnia) -- UACh, 2011 \ Dirección: José Roberto Zarazúa Escobar; asesoría: Roberto Rendón Medel y José Luis Zaragoza Ramírez
650 ## - PUNTO DE ACCESO ADICIONAL DE MATERIA--TÉRMINO DE MATERIA
Término de materia o nombre geográfico como elemento de entrada Estadísta de redes
9 (RLIN) 145181
650 ## - PUNTO DE ACCESO ADICIONAL DE MATERIA--TÉRMINO DE MATERIA
Término de materia o nombre geográfico como elemento de entrada Ganado ovino
9 (RLIN) 139065
650 ## - PUNTO DE ACCESO ADICIONAL DE MATERIA--TÉRMINO DE MATERIA
Término de materia o nombre geográfico como elemento de entrada Perspectiva de redes de innovación
9 (RLIN) 145182
650 ## - PUNTO DE ACCESO ADICIONAL DE MATERIA--TÉRMINO DE MATERIA
Término de materia o nombre geográfico como elemento de entrada Técnica bootstrap
9 (RLIN) 145183
650 ## - PUNTO DE ACCESO ADICIONAL DE MATERIA--TÉRMINO DE MATERIA
Término de materia o nombre geográfico como elemento de entrada Transferencia de tecnología
9 (RLIN) 114619
700 ## - PUNTO DE ACCESO ADICIONAL--NOMBRE DE PERSONA
Nombre de persona Rendón Medel, Roberto, asesor
9 (RLIN) 145184
700 ## - PUNTO DE ACCESO ADICIONAL--NOMBRE DE PERSONA
Nombre de persona Zaragoza Ramírez, José Luis, asesor
9 (RLIN) 143236
700 ## - PUNTO DE ACCESO ADICIONAL--NOMBRE DE PERSONA
Nombre de persona Zarazúa Escobar, José Alberto, director
9 (RLIN) 145185
856 42 - LOCALIZACIÓN Y ACCESO ELECTRÓNICOS
Identificador Uniforme del Recurso <a href="http://10.13.5.2/tesis/112283.pdf">http://10.13.5.2/tesis/112283.pdf</a>
Texto de enlace Descargar PDF
901 ## - ELEMENTOS DE DATOS A LOCAL LDA (RLIN)
a TESIS P663 2302
902 ## - ELEMENTOS DE DATOS B LOCAL, LDB (RLIN)
a M
910 ## - DATOS DE OPCIÓN DEL USUARIO (OCLC)
Datos de opción del usuario 2011
942 ## - ELEMENTOS DE PUNTO DE ACCESO ADICIONAL (KOHA)
Tipo de ítem Koha Tesis_
Fuente del sistema de clasificación o colocación Dewey Decimal Classification
942 ## - ELEMENTOS DE PUNTO DE ACCESO ADICIONAL (KOHA)
Tipo de ítem Koha Tesis_
Fuente del sistema de clasificación o colocación Dewey Decimal Classification
Holdings
Estado de retiro Estado de pérdida Fuente del sistema de clasificación o colocación Estado dañado No para préstamo Código de colección Localización permanente Ubicación/localización actual Fecha de adquisición Fuente de adquisición Total de préstamos Signatura topográfica completa Código de barras Fecha visto por última vez Número de copia Precio válido a partir de Tipo de ítem Koha
    Clasificación Universidad Autónoma de Chapingo   Excluido de préstamo Tesis digitales de Licenciatura Zootecnia Zootecnia 14/04/2015 El autor   Tesis P663 2302 z_T 4100 18/01/2022 1 18/01/2022 CD
    Clasificación Universidad Autónoma de Chapingo   Excluido de préstamo Tesis digitales de Licenciatura Zootecnia Zootecnia 14/04/2015 El autor   Tesis P663 2302 z_T 4101 18/01/2022 2 18/01/2022 CD